LEADER 01357nam2-2200421---450- 001 990001096380203316 005 20091020134315.0 010 $a88-15-10700-2 035 $a000109638 035 $aUSA01000109638 035 $a(ALEPH)000109638USA01 035 $a000109638 100 $a20021108d2005----km-y0enga50------ba 101 $aita 102 $aIT 105 $a||||||||001yy 200 1 $a<<1.:>> Diritto sostanziale$fAntonio Cassese$ga cura di Salvatore Cannata 210 $aBologna$cIl Mulino$d2005 215 $a214 p.$d22 cm 225 2 $aItinerari$iDiritto 410 0$12001$aItinerari$iDiritto 461 1$1001000240245$12001$aLineamenti di diritto internazionale penale 606 0 $aDiritto internazionale penale 606 0 $aGiustizia internazionale penale 676 $a341.77 700 1$aCASSESE,$bAntonio$f<1937-2011>$0147883 702 1$aCANNATA,$bSalvatore 801 0$aIT$bsalbc$gISBD 912 $a990001096380203316 951 $aXXIII.1.L. 218 1 (IG VIII 27 IT 107/1)$b48243 G.$cXXIII.1.L. 218 1 (IG VIII)$d00176871 959 $aBK 969 $aGIU 979 $aMARIA$b10$c20021108$lUSA01$h0959 979 $aPATRY$b90$c20040406$lUSA01$h1716 979 $aRENATO$b90$c20051201$lUSA01$h1022 979 $aRSIAV3$b90$c20091020$lUSA01$h1343 996 $aDiritto sostanziale$9978065 997 $aUNISA LEADER 01683oam 2200469 450 001 9910706597903321 005 20171108140718.0 035 $a(CKB)5470000002456464 035 $a(OCoLC)703663652 035 $a(EXLCZ)995470000002456464 100 $a20110224j200101 ua 0 101 0 $aeng 135 $aurbn||||||||| 181 $ctxt$2rdacontent 182 $cc$2rdamedia 183 $acr$2rdacarrier 200 10$aWind-tunnel investigations of blunt-body drag reduction using forebody surface roughness /$fStephen A. Whitmore 210 1$aEdwards, California :$cNational Aeronautics and Space Administration, Dryden Flight Research Center,$dJanuary 2001. 215 $a1 online resource (28 pages) $cillustrations 225 1 $aNASA/TM ;$v2001-210390 300 $a"January 2001." 300 $a"Performing organization: NASA Dryden Flight Research Center"--Report documentation page. 320 $aIncludes bibliographical references (page 28). 606 $aWind tunnel tests$2nasat 606 $aAerodynamic drag$2nasat 606 $aBase flow$2nasat 606 $aDrag reduction$2nasat 615 7$aWind tunnel tests. 615 7$aAerodynamic drag. 615 7$aBase flow. 615 7$aDrag reduction. 700 $aWhitmore$b Stephen A.$01391140 702 $aSprague$b Stephanie 702 $aNaughton$b Jonathan W$g(Jonathan Wayne),$f1964- 712 02$aHugh L. Dryden Flight Research Center, 801 0$bSSN 801 1$bSSN 801 2$bGPO 906 $aBOOK 912 $a9910706597903321 996 $aWind-tunnel investigations of blunt-body drag reduction using forebody surface roughness$93444589 997 $aUNINA